<?xml version="1.0" encoding="UTF-8"?>
<record
    xmlns:xsi="http://www.w3.org/2001/XMLSchema-instance"
    xsi:schemaLocation="http://www.loc.gov/MARC21/slim http://www.loc.gov/standards/marcxml/schema/MARC21slim.xsd"
    xmlns="http://www.loc.gov/MARC21/slim">

  <leader>03667nam a2200301 a 4500</leader>
  <controlfield tag="001">000000220</controlfield>
  <controlfield tag="003">DO-SdBNP</controlfield>
  <controlfield tag="005">20180406113300.0</controlfield>
  <controlfield tag="008">081127s2005  dr            000 0 spa d</controlfield>
  <datafield tag="020" ind1=" " ind2=" ">
    <subfield code="a">9789945406290</subfield>
  </datafield>
  <datafield tag="020" ind1=" " ind2=" ">
    <subfield code="a"> </subfield>
  </datafield>
  <datafield tag="040" ind1=" " ind2=" ">
    <subfield code="a">BPMSU</subfield>
    <subfield code="b">spa</subfield>
    <subfield code="c">BPMSU</subfield>
  </datafield>
  <datafield tag="082" ind1=" " ind2=" ">
    <subfield code="a">320.1</subfield>
    <subfield code="b">B742e, 2005</subfield>
  </datafield>
  <datafield tag="100" ind1="1" ind2=" ">
    <subfield code="a">Bosch, Juan,</subfield>
    <subfield code="d">1909-2001</subfield>
  </datafield>
  <datafield tag="245" ind1="1" ind2="3">
    <subfield code="a">El estado :</subfield>
    <subfield code="b">sus or&#xED;genes y desarrollo /</subfield>
    <subfield code="c">Juan Bosch.</subfield>
  </datafield>
  <datafield tag="250" ind1=" " ind2=" ">
    <subfield code="a">4a ed.</subfield>
  </datafield>
  <datafield tag="260" ind1=" " ind2=" ">
    <subfield code="a">Santo Domingo :</subfield>
    <subfield code="b">Alfa &amp; Omega,</subfield>
    <subfield code="c">2005</subfield>
  </datafield>
  <datafield tag="300" ind1=" " ind2=" ">
    <subfield code="a">315 p. ;</subfield>
    <subfield code="c">21 cm.</subfield>
  </datafield>
  <datafield tag="504" ind1=" " ind2=" ">
    <subfield code="a">Bibliograf&#xED;a: 309-312</subfield>
  </datafield>
  <datafield tag="505" ind1="0" ind2=" ">
    <subfield code="t">La palabra estado y su doble significaci&#xF3;n --</subfield>
    <subfield code="t">Patria no significa estado --</subfield>
    <subfield code="t">&#xBF;Qu&#xE9; son los estados an&#xF3;malos? --</subfield>
    <subfield code="t">Las principales ciudades-estados de la historia --</subfield>
    <subfield code="t">Atenas: la ciudad-estado modelo --</subfield>
    <subfield code="t">Roma, el estado m&#xE1;s poderoso de la antig&#xFC;edad --</subfield>
    <subfield code="t">Forma en que se organiz&#xF3; el Estado Romano --</subfield>
    <subfield code="t">El Imperio Romano: su extensi&#xF3;n en Europa y en Medio Oriente --</subfield>
    <subfield code="t">Un nuevo Estado: el feudal -- El Estado feudal: su organizaci&#xF3;n y extensi&#xF3;n --</subfield>
    <subfield code="t">El Estado visigodo y el Estado musulm&#xE1;n en Espa&#xF1;a --</subfield>
    <subfield code="t">Los califas en el Estado musulm&#xE1;n --</subfield>
    <subfield code="t">C&#xF3;rdoba, el centro de poder de los Califas Omeyas --</subfield>
    <subfield code="t">La compleja organizaci&#xF3;n de Al-Andalus --</subfield>
    <subfield code="t">En el Al-Andalus el jefe religioso era superior al jefe pol&#xED;tico --</subfield>
    <subfield code="t">Espa&#xF1;a estaba dividida en dos reinos: el de Castilla y el de Arag&#xF3;n --</subfield>
    <subfield code="t">La inquisici&#xF3;n en Espa&#xF1;a, elemento importante del Estado --</subfield>
    <subfield code="t">El pueblo Maya se organiz&#xF3; en ciudades-Estado --</subfield>
    <subfield code="t">El Imperio Azteca y los reinos que lo formaban --</subfield>
    <subfield code="t">C&#xF3;mo estaba organizado el imperio Azteca --</subfield>
    <subfield code="t">M&#xE1;s detalles de como funcionaban los reinos Aztecas --</subfield>
    <subfield code="t">El Estado incaico fue el m&#xE1;s poderoso de la Am&#xE9;rica prehisp&#xE1;nica --</subfield>
    <subfield code="t">C&#xF3;mo estaba organizada la sociedad incaica --</subfield>
    <subfield code="t">Actividad militar y funcionamiento de la justicia en el Estado inca --</subfield>
    <subfield code="t">El papel del emperador en la sociedad incaica --</subfield>
    <subfield code="t">Las diferencias entre los estados prehisp&#xE1;nicos y los de Europa --</subfield>
    <subfield code="t">Richelieu y Mazarino, cogestionarios del estado que encabez&#xF3; Luis XIV --</subfield>
    <subfield code="t">C&#xF3;mo organiz&#xF3; Luis XIV el Estado Franc&#xE9;s --</subfield>
    <subfield code="t">Estados Unidos: el primer Estado libre de influencias feudales --</subfield>
    <subfield code="t">El primer estado organizado como rep&#xFA;blica que conoci&#xF3; la humanidad --</subfield>
    <subfield code="t">EE.UU.: el primer Estado capitalista conocido en la historia --</subfield>
    <subfield code="t">En los EE.UU. hay dos poderes elegidos por el pueblo: el ejecutivo y el legislativo --</subfield>
    <subfield code="t">La Revoluci&#xF3;n Francesa no organiz&#xF3; el Estado Republicano</subfield>
  </datafield>
  <datafield tag="505" ind1="0" ind2=" ">
    <subfield code="t">El Estado imperial Franc&#xE9;s provoc&#xF3; revoluciones coloniales en el Caribe --</subfield>
    <subfield code="t">Imperio, monarqu&#xED;a y rep&#xFA;blica en Hait&#xED; --</subfield>
    <subfield code="t">De nuevo rep&#xFA;blica y monarqu&#xED;a en Hait&#xED; --</subfield>
    <subfield code="t">De las guerras iberoam&#xE9;ricanas a la creaci&#xF3;n de rep&#xFA;blicas e imperios --</subfield>
    <subfield code="t">La monarqu&#xED;a portuguesa en Brasil transformada en imperio --</subfield>
    <subfield code="t">Efectos de la pol&#xED;tica imperial napole&#xF3;nica en Espa&#xF1;a, Portugal , M&#xE9;xico y Brasil --</subfield>
    <subfield code="t">Del imperio de Iturbide en M&#xE9;xico al fusilamiento de Maximiliano de Habsburgo --</subfield>
    <subfield code="t">Del asesinato de Francisco Fernando de Habsburgo a la revoluci&#xF3;n rusa --</subfield>
    <subfield code="t">La Constituci&#xF3;n Rusa de 1918 fue sustituida por la de 1936 --</subfield>
    <subfield code="t">La Constituci&#xF3;n de 1936 cre&#xF3; la Uni&#xF3;n de Rep&#xFA;blicas Socialistas Sovi&#xE9;ticas --</subfield>
    <subfield code="t">Or&#xED;genes del Estado pontificio o papal --</subfield>
    <subfield code="t">Los variados estados que funcionaron en Italia --</subfield>
    <subfield code="t">De la creaci&#xF3;n del fascismo al estado totalitario --</subfield>
    <subfield code="t">El Vaticano: Estado an&#xF3;malo --</subfield>
    <subfield code="t">Or&#xED;genes del Estado Alem&#xE1;n --</subfield>
    <subfield code="t">Consecuencias de la derrota alemana en la primera Guerra Mundial --</subfield>
    <subfield code="t">Breve historia del Estado Nazi.</subfield>
  </datafield>
  <datafield tag="650" ind1=" " ind2="4">
    <subfield code="a">ESTADO</subfield>
  </datafield>
  <datafield tag="650" ind1=" " ind2="4">
    <subfield code="a">CIENCIA POL&#xCD;TICA</subfield>
    <subfield code="x">HISTORIA</subfield>
  </datafield>
  <datafield tag="910" ind1=" " ind2=" ">
    <subfield code="a"> </subfield>
  </datafield>
  <datafield tag="942" ind1=" " ind2=" ">
    <subfield code="2">ddc</subfield>
    <subfield code="c">BK</subfield>
  </datafield>
  <datafield tag="945" ind1=" " ind2=" ">
    <subfield code="a">Remanejado para la BNPHU, 2018 / VM</subfield>
  </datafield>
  <datafield tag="952" ind1=" " ind2=" ">
    <subfield code="0">0</subfield>
    <subfield code="1">0</subfield>
    <subfield code="2">ddc</subfield>
    <subfield code="4">0</subfield>
    <subfield code="7">0</subfield>
    <subfield code="8">CD</subfield>
    <subfield code="a">BPMET</subfield>
    <subfield code="b">BPMET</subfield>
    <subfield code="d">2017-02-16</subfield>
    <subfield code="e">Sellar</subfield>
    <subfield code="l">0</subfield>
    <subfield code="o">320.1 B742e, 2005</subfield>
    <subfield code="p">BPMSU17020039</subfield>
    <subfield code="r">2017-02-16</subfield>
    <subfield code="w">2017-02-16</subfield>
    <subfield code="y">BK</subfield>
  </datafield>
  <datafield tag="956" ind1=" " ind2=" ">
    <subfield code="a">VMATEO</subfield>
    <subfield code="b">10</subfield>
    <subfield code="c">20170216</subfield>
    <subfield code="l">BPMSU</subfield>
    <subfield code="h">0069</subfield>
  </datafield>
  <datafield tag="999" ind1=" " ind2=" ">
    <subfield code="c">12553</subfield>
    <subfield code="d">12553</subfield>
  </datafield>
</record>
